| 000 | 00492nam a22001697a 4500 | ||
|---|---|---|---|
| 003 | NUST - PNEC | ||
| 005 | 20170116180755.0 | ||
| 008 | 150401b xxu||||| |||| 00| 0 eng d | ||
| 040 | _cLIBRARY | ||
| 082 | _a297.30609 HUS | ||
| 100 |
_91999 _aHussain, Iqbal S. |
||
| 245 |
_aIslam and western civilization _cIqbal S. Hussain |
||
| 260 |
_aLahore : _bHumanity International, _cc1997. |
||
| 300 |
_a333 p. : _c24 cm. |
||
| 650 |
_92000 _aIslam, Western Civilization _xGeneral |
||
| 942 |
_2ddc _cBK |
||
| 999 |
_c62699 _d62699 |
||